<?xml version="1.0" encoding="UTF-8"?><?xml-stylesheet type="text/xsl" href="static/style.xsl"?><OAI-PMH xmlns="http://www.openarchives.org/OAI/2.0/" xmlns:xsi="http://www.w3.org/2001/XMLSchema-instance" xsi:schemaLocation="http://www.openarchives.org/OAI/2.0/ http://www.openarchives.org/OAI/2.0/OAI-PMH.xsd"><responseDate>2026-06-06T17:42:31Z</responseDate><request verb="GetRecord" identifier="oai:riuma.uma.es:10630/45804" metadataPrefix="marc">https://riuma.uma.es/rest/oai/request</request><GetRecord><record><header><identifier>oai:riuma.uma.es:10630/45804</identifier><datestamp>2026-02-28T00:46:09Z</datestamp><setSpec>com_10630_2254</setSpec><setSpec>col_10630_37953</setSpec></header><metadata><record xmlns="http://www.loc.gov/MARC21/slim" xmlns:dcterms="http://purl.org/dc/terms/" xmlns:doc="http://www.lyncode.com/xoai" xmlns:xsi="http://www.w3.org/2001/XMLSchema-instance" xsi:schemaLocation="http://www.loc.gov/MARC21/slim http://www.loc.gov/standards/marcxml/schema/MARC21slim.xsd">
   <leader>00925njm 22002777a 4500</leader>
   <datafield ind2=" " ind1=" " tag="042">
      <subfield code="a">dc</subfield>
   </datafield>
   <datafield ind2=" " ind1=" " tag="720">
      <subfield code="a">Triviño-Cabrera, Laura</subfield>
      <subfield code="e">author</subfield>
   </datafield>
   <datafield ind2=" " ind1=" " tag="720">
      <subfield code="a">Chaves-Guerrero, Elisa Isabel</subfield>
      <subfield code="e">author</subfield>
   </datafield>
   <datafield ind2=" " ind1=" " tag="720">
      <subfield code="a">Alejo-Lozano, Laura</subfield>
      <subfield code="e">author</subfield>
   </datafield>
   <datafield ind2=" " ind1=" " tag="260">
      <subfield code="c">2021-01-22</subfield>
   </datafield>
   <datafield ind2=" " ind1=" " tag="520">
      <subfield code="a">Studies on the adaptation from face-to-face to online teaching during lockdown show the before and after in education that faces the double challenge of promoting digital skills and public access to connectivity and electronic devices in the post-COVID-19 era. Therefore, this article contributes to these new emerging lines of educational research by presenting an educational innovation project called “Teachers Versus COVID-19”. This project aimed to verify whether the figure of teacher-prosumer, that is, consumers of media culture and creators of their own educational resources, favors the initial training of teachers during the pandemic. To this end, the following objectives were proposed: firstly, test whether the figure of the teacher-prosumer contributes to improving the adaptation of face-to-face teaching to the virtual modality of the Didactics of Social Sciences in the Degree in Primary Education during lockdown; secondly, analyze the production of content on social networks by the students in the Degree in Primary Education, according to the objectives of sustainable development. To validate our teacher-prosumer proposal, we chose the design-based research (DBR) qualitative methodology. For this, 240 students from the course in Didactics of Social Sciences of the Degree in Primary Education at the University of Malaga created 37 educational videos that teach the social sciences curriculum to children between 6 and 12 years of age from the perspective of relevant social problems and the Sustainable Development Goals. These videos were disseminated through the project’s YouTube channel. The results of this study corroborate the effectiveness of turning students into teachers-prosumers, generating the development of critical, creative, digital, and socio-emotional skills so that they feel committed to playing an active role in social changes for a sustainable world.</subfield>
   </datafield>
   <datafield ind1="8" ind2=" " tag="024">
      <subfield code="a">Triviño-Cabrera, L.; Chaves-Guerrero, E.I.; Alejo-Lozano, L. The Figure of the Teacher-Prosumer for the Development of an Innovative, Sustainable, and Committed Education in Times of COVID-19. Sustainability 2021, 13, 1128. https://doi.org/ 10.3390/su13031128</subfield>
   </datafield>
   <datafield ind1="8" ind2=" " tag="024">
      <subfield code="a">https://hdl.handle.net/10630/45804</subfield>
   </datafield>
   <datafield ind1="8" ind2=" " tag="024">
      <subfield code="a">10.3390/su13031128</subfield>
   </datafield>
   <datafield tag="653" ind2=" " ind1=" ">
      <subfield code="a">Pandemia de la COVID-19, 2020-2023</subfield>
   </datafield>
   <datafield tag="653" ind2=" " ind1=" ">
      <subfield code="a">Tecnología educativa</subfield>
   </datafield>
   <datafield tag="653" ind2=" " ind1=" ">
      <subfield code="a">Enseñanza asistida por ordenador</subfield>
   </datafield>
   <datafield tag="653" ind2=" " ind1=" ">
      <subfield code="a">Aprendizaje basado en proyectos</subfield>
   </datafield>
   <datafield ind2="0" ind1="0" tag="245">
      <subfield code="a">The Figure of the Teacher-Prosumer for the Development of an Innovative, Sustainable, and Committed Education in Times of COVID-19</subfield>
   </datafield>
</record>
</metadata></record></GetRecord></OAI-PMH>